000 00602nam a2200193 a 4500
999 _c120687
_d120687
001 435785
005 20201216141543.0
008 830617s1982 enka 000 0 eng
020 _a0906671426
040 _cPK-LaUMT
082 0 0 _a954.0350924
_bBAT-C
100 1 _aBattye, Evelyn
245 1 0 _aCostumes and characters of the British Raj /
_cby Evelyn Battye ; illustrated by Cecil Elgee ; introduction by M.M. Kaye.
260 _aExeter, England :
_bWebb & Bower,
_c1982
300 _a79 p. :
_bill. (some col.) ;
_c24 cm.
650 0 _aCostume
_zIndia.
700 1 _aElgee, Cecil.
942 _cBK